[Event "Russian Blitz Team Championship (w)"]
[Site "Sochi"]
[Date "2022.10.17"]
[Round "1.8"]
[White "Guseva, Marina"]
[Black "Lukina, Aleksandra"]
[Result "1-0"]
[BlackElo "1942"]
[WhiteElo "2273"]
[LiveChessVersion "1.4.8"]

1. d4 {[%clk 0:03:02]} d5 {[%clk 0:03:04]} 2. c4 {[%clk 0:03:02]} e6
{[%clk 0:03:05]} 3. Nc3 {[%clk 0:03:03]} Nf6 {[%clk 0:03:06]} 4. cxd5
{[%clk 0:03:04]} Nxd5 {[%clk 0:03:05]} 5. e4 {[%clk 0:03:05]} Nxc3
{[%clk 0:03:04]} 6. bxc3 {[%clk 0:03:05]} c5 {[%clk 0:03:03]} 7. a3
{[%clk 0:03:03]} cxd4 {[%clk 0:02:28]} 8. cxd4 {[%clk 0:03:04]} e5
{[%clk 0:02:29]} 9. d5 {[%clk 0:03:04]} Bd6 {[%clk 0:02:26]} 10. Nf3
{[%clk 0:03:04]} Nd7 {[%clk 0:02:25]} 11. Be3 {[%clk 0:02:54]} O-O
{[%clk 0:02:23]} 12. Be2 {[%clk 0:02:55]} Nc5 {[%clk 0:02:21]} 13. Nd2
{[%clk 0:02:41]} Bd7 {[%clk 0:02:18]} 14. O-O {[%clk 0:02:39]} b5
{[%clk 0:02:16]} 15. Qb1 {[%clk 0:02:27]} a6 {[%clk 0:02:13]} 16. Rc1
{[%clk 0:02:16]} Rc8 {[%clk 0:02:05]} 17. h3 {[%clk 0:01:58]} Qe7
{[%clk 0:02:03]} 18. Bg4 {[%clk 0:01:52]} Bxg4 {[%clk 0:01:50]} 19. hxg4
{[%clk 0:01:43]} Na4 {[%clk 0:01:48]} 20. Nf3 {[%clk 0:01:33]} f6
{[%clk 0:01:02]} 21. Qd3 {[%clk 0:01:26]} Qd7 {[%clk 0:00:32]} 22. g5
{[%clk 0:01:23]} Nb2 {[%clk 0:00:26]} 23. Qe2 {[%clk 0:01:20]} Nc4
{[%clk 0:00:25]} 24. gxf6 {[%clk 0:01:18]} Rxf6 {[%clk 0:00:23]} 25. a4
{[%clk 0:00:51]} Qg4 {[%clk 0:00:15]} 26. axb5 {[%clk 0:00:48]} axb5
{[%clk 0:00:16]} 27. Ba7 {[%clk 0:00:28]} Rcf8 {[%clk 0:00:16]} 28. Nd4
{[%clk 0:00:27]} Qxe2 {[%clk 0:00:13]} 29. Nxe2 {[%clk 0:00:27]} Rxf2
{[%clk 0:00:14]} 30. Bxf2 {[%clk 0:00:28]} Nd2 {[%clk 0:00:11]} 31. Ng3
{[%clk 0:00:26]} Nb3 {[%clk 0:00:12]} 32. Rab1 {[%clk 0:00:26]} Nxc1
{[%clk 0:00:12]} 33. Rxc1 {[%clk 0:00:28]} b4 {[%clk 0:00:13]} 34. Nf5
{[%clk 0:00:28]} Rd8 {[%clk 0:00:11]} 35. Nxd6 {[%clk 0:00:29]} Rxd6
{[%clk 0:00:12]} 36. Bc5 {[%clk 0:00:30]} 1-0

[Event "Russian Blitz Team Championship (w)"]
[Site "Sochi"]
[Date "2022.10.17"]
[Round "1.9"]
[White "Voit, Daria"]
[Black "Fominykh, Maria"]
[Result "1-0"]
[BlackElo "2086"]
[WhiteElo "2247"]
[LiveChessVersion "1.4.8"]

1. d4 {[%clk 0:03:02]} Nf6 {[%clk 0:03:03]} 2. c4 {[%clk 0:03:03]} g6
{[%clk 0:03:05]} 3. g3 {[%clk 0:03:04]} Bg7 {[%clk 0:03:06]} 4. Bg2
{[%clk 0:03:05]} d6 {[%clk 0:03:07]} 5. Nc3 {[%clk 0:03:05]} O-O {[%clk 0:03:07]}
6. Nf3 {[%clk 0:03:06]} Nc6 {[%clk 0:03:08]} 7. O-O a6 8. d5 {[%clk 0:03:04]} Na5
{[%clk 0:03:00]} 9. b3 {[%clk 0:03:05]} c5 {[%clk 0:03:01]} 10. dxc6
{[%clk 0:03:05]} Nxc6 {[%clk 0:03:02]} 11. Bb2 {[%clk 0:03:03]} Bf5
{[%clk 0:02:44]} 12. Qd2 {[%clk 0:03:03]} Ne4 {[%clk 0:02:28]} 13. Nxe4
{[%clk 0:03:03]} Bxe4 {[%clk 0:02:20]} 14. Bxg7 {[%clk 0:03:00]} Kxg7
{[%clk 0:02:21]} 15. Qe3 {[%clk 0:02:43]} Bxf3 {[%clk 0:01:55]} 16. Bxf3
{[%clk 0:02:43]} Rc8 {[%clk 0:01:54]} 17. Rfd1 {[%clk 0:02:25]} Qc7
{[%clk 0:01:53]} 18. Bxc6 {[%clk 0:02:23]} bxc6 {[%clk 0:01:54]} 19. Rd4
{[%clk 0:02:22]} h6 {[%clk 0:01:31]} 20. Rh4 {[%clk 0:02:18]} Rh8
{[%clk 0:01:07]} 21. Rd1 {[%clk 0:02:18]} e5 {[%clk 0:01:02]} 22. c5
{[%clk 0:02:14]} d5 {[%clk 0:01:01]} 23. Ra4 {[%clk 0:02:14]} Ra8
{[%clk 0:00:55]} 24. Qd3 {[%clk 0:02:13]} a5 {[%clk 0:00:53]} 25. Qc3
{[%clk 0:02:13]} f6 {[%clk 0:00:43]} 26. Rb1 {[%clk 0:01:49]} Rhb8
{[%clk 0:00:41]} 27. a3 {[%clk 0:01:48]} Rb5 {[%clk 0:00:37]} 28. b4
{[%clk 0:01:44]} Rab8 {[%clk 0:00:38]} 29. Ra1 {[%clk 0:01:40]} axb4
{[%clk 0:00:35]} 30. Rxb4 {[%clk 0:01:37]} Qa5 {[%clk 0:00:32]} 31. Rab1
{[%clk 0:01:27]} Rxc5 {[%clk 0:00:18]} 32. Rxb8 1-0

[Event "Russian Blitz Team Championship (w)"]
[Site "Sochi"]
[Date "2022.10.17"]
[Round "1.10"]
[White "Khokhlova, Daria"]
[Black "Bivol, Alina"]
[Result "0-1"]
[BlackElo "2264"]
[WhiteElo "2034"]
[LiveChessVersion "1.4.8"]

1. Nf3 {[%clk 0:03:03]} d5 {[%clk 0:03:02]} 2. g3 {[%clk 0:03:05]} Nf6
{[%clk 0:03:00]} 3. Bg2 {[%clk 0:03:06]} Nbd7 {[%clk 0:02:58]} 4. d4
{[%clk 0:03:04]} Nb6 {[%clk 0:02:58]} 5. O-O {[%clk 0:03:02]} Bg4
{[%clk 0:02:52]} 6. Bf4 {[%clk 0:02:46]} e6 {[%clk 0:02:50]} 7. Nbd2
{[%clk 0:02:41]} Bd6 {[%clk 0:02:51]} 8. Bxd6 {[%clk 0:02:37]} Qxd6
{[%clk 0:02:52]} 9. Ne5 {[%clk 0:02:13]} Bf5 {[%clk 0:02:32]} 10. c4
{[%clk 0:01:56]} Nbd7 {[%clk 0:02:33]} 11. Nxd7 {[%clk 0:01:45]} Qxd7
{[%clk 0:02:25]} 12. cxd5 {[%clk 0:01:44]} exd5 {[%clk 0:02:23]} 13. Re1
{[%clk 0:01:33]} O-O {[%clk 0:02:23]} 14. Qb3 {[%clk 0:01:30]} c6
{[%clk 0:02:23]} 15. Nf3 {[%clk 0:01:19]} Qc7 {[%clk 0:01:54]} 16. Rac1
{[%clk 0:01:18]} Qb6 {[%clk 0:01:50]} 17. Qxb6 {[%clk 0:01:06]} axb6
{[%clk 0:01:50]} 18. a3 {[%clk 0:01:08]} Be4 {[%clk 0:01:52]} 19. Ne5
{[%clk 0:01:05]} Bxg2 20. Kxg2 {[%clk 0:01:06]} Rfd8 {[%clk 0:01:35]} 21. f3
{[%clk 0:01:04]} Ra4 {[%clk 0:01:27]} 22. Red1 {[%clk 0:01:01]} Ne8
{[%clk 0:01:21]} 23. e3 {[%clk 0:00:51]} Nd6 {[%clk 0:01:17]} 24. Kf2
{[%clk 0:00:48]} Ra5 {[%clk 0:01:01]} 25. Rc3 {[%clk 0:00:35]} f6
{[%clk 0:00:55]} 26. Nd3 {[%clk 0:00:36]} Nc4 {[%clk 0:00:51]} 27. Rb1
{[%clk 0:00:21]} Re8 {[%clk 0:00:44]} 28. Nc1 {[%clk 0:00:18]} Kf7
{[%clk 0:00:40]} 29. Ne2 {[%clk 0:00:11]} Re7 {[%clk 0:00:40]} 30. Nc1
{[%clk 0:00:08]} Ra8 {[%clk 0:00:40]} 31. Nb3 {[%clk 0:00:07]} Rae8
{[%clk 0:00:39]} 32. Re1 {[%clk 0:00:09]} Nxb2 {[%clk 0:00:38]} 33. Nd2
{[%clk 0:00:04]} b5 {[%clk 0:00:35]} 34. e4 {[%clk 0:00:06]} Nc4 {[%clk 0:00:35]}
35. Nxc4 {[%clk 0:00:06]} dxc4 {[%clk 0:00:36]} 36. Ke3 {[%clk 0:00:06]} Ra8
{[%clk 0:00:36]} 37. Rb1 {[%clk 0:00:05]} Ke6 {[%clk 0:00:34]} 38. Ra1
{[%clk 0:00:06]} Ra4 {[%clk 0:00:34]} 39. f4 {[%clk 0:00:06]} Kd6
{[%clk 0:00:34]} 40. Rcc1 {[%clk 0:00:06]} Re8 {[%clk 0:00:35]} 41. Rc2
{[%clk 0:00:04]} Rea8 {[%clk 0:00:35]} 0-1

[Event "Russian Blitz Team Championship (w)"]
[Site "Sochi"]
[Date "2022.10.17"]
[Round "1.11"]
[White "Kovalevskaya, Ekaterina"]
[Black "Porozhnyak, Maya"]
[Result "1-0"]
[BlackElo "1939"]
[WhiteElo "2254"]
[LiveChessVersion "1.4.8"]

1. Nf3 {[%clk 0:03:02]} c5 {[%clk 0:03:03]} 2. g3 {[%clk 0:02:58]} e6
{[%clk 0:03:04]} 3. Bg2 {[%clk 0:02:58]} Nf6 {[%clk 0:03:05]} 4. O-O
{[%clk 0:02:57]} Nc6 {[%clk 0:03:06]} 5. c4 {[%clk 0:02:27]} d6 {[%clk 0:03:00]}
6. d4 {[%clk 0:02:23]} cxd4 {[%clk 0:02:53]} 7. Nxd4 {[%clk 0:02:23]} Nxd4
{[%clk 0:02:51]} 8. Qxd4 {[%clk 0:02:23]} Be7 {[%clk 0:02:49]} 9. Nc3
{[%clk 0:02:23]} O-O {[%clk 0:02:49]} 10. e4 {[%clk 0:01:58]} a6 {[%clk 0:02:50]}
11. h3 {[%clk 0:01:54]} Qc7 {[%clk 0:02:50]} 12. Be3 {[%clk 0:01:53]} Bd7
{[%clk 0:02:48]} 13. Rac1 {[%clk 0:01:52]} Rac8 {[%clk 0:02:37]} 14. b3
{[%clk 0:01:50]} Qa5 {[%clk 0:02:17]} 15. Qb6 {[%clk 0:01:07]} Qxb6 16. Bxb6
{[%clk 0:01:07]} Bd8 {[%clk 0:01:50]} 17. Bd4 {[%clk 0:00:41]} Bc6
{[%clk 0:01:38]} 18. Rfd1 {[%clk 0:00:38]} e5 {[%clk 0:01:33]} 19. Be3
{[%clk 0:00:36]} Be7 {[%clk 0:01:33]} 20. Bg5 {[%clk 0:00:33]} Rfd8
{[%clk 0:01:32]} 21. Bxf6 {[%clk 0:00:31]} Bxf6 {[%clk 0:01:31]} 22. Nd5
{[%clk 0:00:32]} Bg5 {[%clk 0:01:20]} 23. Rc3 {[%clk 0:00:22]} Bxd5
{[%clk 0:01:17]} 24. Rxd5 {[%clk 0:00:22]} Be7 {[%clk 0:01:12]} 25. Rcd3
{[%clk 0:00:20]} f6 {[%clk 0:01:07]} 26. a4 {[%clk 0:00:16]} Kf7 {[%clk 0:01:06]}
27. h4 {[%clk 0:00:17]} Rc6 {[%clk 0:01:01]} 28. Rd1 {[%clk 0:00:15]} Rb8
{[%clk 0:00:54]} 29. Bf1 {[%clk 0:00:14]} g6 {[%clk 0:00:51]} 30. Kg2
{[%clk 0:00:14]} f5 {[%clk 0:00:50]} 31. f3 {[%clk 0:00:15]} Ke6 {[%clk 0:00:51]}
32. Kf2 {[%clk 0:00:15]} f4 {[%clk 0:00:49]} 33. Bh3+ {[%clk 0:00:14]} Kf7
{[%clk 0:00:48]} 34. Kg2 {[%clk 0:00:15]} fxg3 {[%clk 0:00:43]} 35. Kxg3
{[%clk 0:00:15]} Rf8 {[%clk 0:00:36]} 36. Rh1 {[%clk 0:00:14]} Kg7
{[%clk 0:00:35]} 37. Bd7 {[%clk 0:00:10]} Rc7 {[%clk 0:00:36]} 38. Be6
{[%clk 0:00:10]} Rf6 {[%clk 0:00:34]} 39. Bh3 {[%clk 0:00:10]} Rf4
{[%clk 0:00:35]} 40. Bg2 {[%clk 0:00:09]} Kh6 {[%clk 0:00:27]} 41. a5
{[%clk 0:00:09]} Rc8 {[%clk 0:00:28]} 42. Rh3 {[%clk 0:00:09]} Kh5
{[%clk 0:00:27]} 43. Rd1 {[%clk 0:00:09]} Rc5 {[%clk 0:00:22]} 44. Rd5
{[%clk 0:00:08]} Rc8 {[%clk 0:00:21]} 45. Rd1 {[%clk 0:00:09]} h6
{[%clk 0:00:19]} 46. Bf1 {[%clk 0:00:07]} Rcf8 {[%clk 0:00:17]} 47. Be2
{[%clk 0:00:08]} R8f6 {[%clk 0:00:17]} 48. Rd3 Bd8 49. b4 {[%clk 0:00:08]} Bc7
{[%clk 0:00:17]} 50. Rd5 {[%clk 0:00:09]} Rf8 {[%clk 0:00:17]} 51. c5
{[%clk 0:00:10]} R8f6 {[%clk 0:00:16]} 52. cxd6 {[%clk 0:00:10]} Bxd6
{[%clk 0:00:18]} 53. b5 {[%clk 0:00:11]} axb5 {[%clk 0:00:19]} 54. Rxb5
{[%clk 0:00:12]} g5 {[%clk 0:00:16]} 55. hxg5+ {[%clk 0:00:12]} Kxg5
{[%clk 0:00:17]} 56. Rxb7 {[%clk 0:00:12]} Kg6 {[%clk 0:00:18]} 57. Kg2
{[%clk 0:00:12]} Rf8 {[%clk 0:00:18]} 58. Rg3+ {[%clk 0:00:13]} Kf6
{[%clk 0:00:19]} 59. a6 {[%clk 0:00:14]} Ra8 {[%clk 0:00:18]} 60. Bc4
{[%clk 0:00:15]} Be7 {[%clk 0:00:18]} 61. a7 {[%clk 0:00:15]} Rh4
{[%clk 0:00:11]} 62. Bd5 {[%clk 0:00:16]} Rh5 {[%clk 0:00:06]} 63. Rxe7
{[%clk 0:00:17]} Kxe7 64. Bxa8 {[%clk 0:00:17]} Kd7 {[%clk 0:00:09]} 65. Bd5
{[%clk 0:00:18]} 1-0

[Event "Russian Blitz Team Championship (w)"]
[Site "Sochi"]
[Date "2022.10.17"]
[Round "1.12"]
[White "Serditykh, Olesya"]
[Black "Borisova, Ekaterina"]
[Result "1/2-1/2"]
[BlackElo "2134"]
[WhiteElo "1914"]
[LiveChessVersion "1.4.8"]

1. d4 {[%clk 0:03:02]} Nf6 {[%clk 0:03:04]} 2. Bg5 {[%clk 0:03:03]} e6
{[%clk 0:03:04]} 3. Nc3 {[%clk 0:02:56]} h6 {[%clk 0:03:02]} 4. Bxf6
{[%clk 0:02:54]} Qxf6 {[%clk 0:03:02]} 5. e4 {[%clk 0:02:55]} Bb4
{[%clk 0:03:01]} 6. Nf3 {[%clk 0:02:49]} Qe7 {[%clk 0:02:43]} 7. Qd2
{[%clk 0:02:36]} d5 {[%clk 0:02:36]} 8. Bd3 {[%clk 0:01:57]} Nd7 {[%clk 0:02:12]}
9. a3 {[%clk 0:01:49]} Bxc3 {[%clk 0:02:11]} 10. Qxc3 {[%clk 0:01:34]} dxe4
{[%clk 0:02:11]} 11. Bxe4 {[%clk 0:01:34]} Nf6 {[%clk 0:02:07]} 12. Bd3
{[%clk 0:01:30]} O-O {[%clk 0:02:03]} 13. O-O {[%clk 0:01:23]} Qd6
{[%clk 0:01:52]} 14. Rfe1 {[%clk 0:01:09]} Rd8 {[%clk 0:01:43]} 15. Rad1
{[%clk 0:00:59]} b6 {[%clk 0:01:43]} 16. Be2 {[%clk 0:00:33]} Bb7
{[%clk 0:01:40]} 17. Qd2 {[%clk 0:00:31]} Rac8 {[%clk 0:01:30]} 18. c3
{[%clk 0:00:32]} c5 {[%clk 0:01:23]} 19. dxc5 {[%clk 0:00:20]} Qe7
{[%clk 0:01:23]} 20. Qc1 {[%clk 0:00:19]} Qxc5 {[%clk 0:01:22]} 21. h3 Bd5
{[%clk 0:01:01]} 22. Nd4 {[%clk 0:00:12]} e5 {[%clk 0:00:46]} 23. Nf5
{[%clk 0:00:11]} Be6 {[%clk 0:00:44]} 24. Ne3 {[%clk 0:00:12]} a5
{[%clk 0:00:36]} 25. Rxd8+ {[%clk 0:00:12]} Rxd8 {[%clk 0:00:37]} 26. Rd1
{[%clk 0:00:13]} Rxd1+ {[%clk 0:00:25]} 27. Qxd1 {[%clk 0:00:14]} g6
{[%clk 0:00:24]} 28. Qd2 {[%clk 0:00:12]} Kg7 {[%clk 0:00:25]} 29. Ng4
{[%clk 0:00:11]} Nxg4 {[%clk 0:00:22]} 30. Bxg4 {[%clk 0:00:10]} Bd5
{[%clk 0:00:17]} 31. Be2 {[%clk 0:00:09]} h5 {[%clk 0:00:13]} 32. Qe3
{[%clk 0:00:09]} Qd6 {[%clk 0:00:13]} 33. f3 {[%clk 0:00:09]} Be6
{[%clk 0:00:12]} 34. Kf2 {[%clk 0:00:10]} f5 {[%clk 0:00:12]} 35. Qd3
{[%clk 0:00:10]} Qc5+ {[%clk 0:00:13]} 36. Kf1 {[%clk 0:00:11]} Bd5
{[%clk 0:00:11]} 37. Qd2 {[%clk 0:00:10]} Kf6 {[%clk 0:00:10]} 38. Qh6
{[%clk 0:00:09]} Qe7 {[%clk 0:00:07]} 39. h4 {[%clk 0:00:09]} Kf7
{[%clk 0:00:03]} 40. Qh7+ {[%clk 0:00:07]} Kf6 {[%clk 0:00:04]} 41. Qh8+
{[%clk 0:00:06]} Kf7 {[%clk 0:00:04]} 42. Qh7+ {[%clk 0:00:07]} Kf6
{[%clk 0:00:05]} 43. Qh8+ {[%clk 0:00:06]} Kf7 {[%clk 0:00:05]} 44. Qh7+
{[%clk 0:00:07]} Kf6 {[%clk 0:00:05]} 45. Qh8+ {[%clk 0:00:08]} Kf7
{[%clk 0:00:05]} 46. Qh7+ {[%clk 0:00:08]} Kf6 {[%clk 0:00:05]} 47. Qh8+
{[%clk 0:00:09]} Kf7 {[%clk 0:00:05]} 48. Qh7+ {[%clk 0:00:10]} Kf6
{[%clk 0:00:06]} 1/2-1/2

[Event "Russian Blitz Team Championship (w)"]
[Site "Sochi"]
[Date "2022.10.17"]
[Round "2.1"]
[White "Bodnaruk, Anastasia"]
[Black "Shuvalova, Polina"]
[Result "0-1"]
[BlackElo "2392"]
[WhiteElo "2332"]
[LiveChessVersion "1.4.8"]

1. e4 {[%clk 0:03:03]} e5 {[%clk 0:03:04]} 2. Nf3 {[%clk 0:03:04]} Nc6
{[%clk 0:03:04]} 3. Bb5 {[%clk 0:03:04]} a6 {[%clk 0:03:05]} 4. Ba4
{[%clk 0:03:06]} Nf6 {[%clk 0:03:06]} 5. O-O {[%clk 0:03:06]} Be7
{[%clk 0:03:07]} 6. Re1 {[%clk 0:03:07]} b5 {[%clk 0:03:08]} 7. Bb3
{[%clk 0:03:08]} O-O {[%clk 0:03:08]} 8. a4 {[%clk 0:03:09]} Rb8 {[%clk 0:03:06]}
9. c3 {[%clk 0:02:57]} d6 {[%clk 0:03:02]} 10. d3 {[%clk 0:02:50]} b4
{[%clk 0:03:01]} 11. a5 {[%clk 0:02:44]} h6 {[%clk 0:02:31]} 12. Bc4
{[%clk 0:02:40]} Re8 {[%clk 0:02:08]} 13. Nbd2 {[%clk 0:02:26]} Bf8
{[%clk 0:02:09]} 14. Nf1 {[%clk 0:01:49]} bxc3 {[%clk 0:02:08]} 15. bxc3
{[%clk 0:01:51]} d5 {[%clk 0:02:09]} 16. exd5 {[%clk 0:01:48]} Nxd5
{[%clk 0:02:09]} 17. Bd2 {[%clk 0:01:38]} Bb7 {[%clk 0:01:07]} 18. Ng3
{[%clk 0:01:28]} Qd7 {[%clk 0:01:08]} 19. Qa4 {[%clk 0:01:13]} Rbd8
{[%clk 0:01:04]} 20. Qb3 {[%clk 0:00:51]} Bc8 {[%clk 0:01:01]} 21. d4
{[%clk 0:00:40]} Nf6 {[%clk 0:00:17]} 22. dxe5 {[%clk 0:00:38]} Ng4
{[%clk 0:00:17]} 23. Bf4 {[%clk 0:00:22]} g5 {[%clk 0:00:15]} 24. Red1
{[%clk 0:00:08]} Qe7 {[%clk 0:00:14]} 25. Rxd8 {[%clk 0:00:08]} Rxd8
{[%clk 0:00:14]} 26. Be3 {[%clk 0:00:05]} Nxe3 {[%clk 0:00:14]} 27. fxe3
{[%clk 0:00:07]} Bg4 {[%clk 0:00:06]} 28. Nd4 {[%clk 0:00:04]} Nxe5
{[%clk 0:00:06]} 29. Bxa6 {[%clk 0:00:06]} Bg7 {[%clk 0:00:05]} 30. Ngf5
{[%clk 0:00:06]} Qf6 {[%clk 0:00:05]} 31. Nxg7 {[%clk 0:00:07]} Kxg7
{[%clk 0:00:05]} 32. Bf1 {[%clk 0:00:06]} Qe7 {[%clk 0:00:06]} 33. a6
{[%clk 0:00:07]} Nd7 {[%clk 0:00:06]} 34. c4 Nc5 {[%clk 0:00:07]} 35. Qc3
{[%clk 0:00:09]} Kg8 {[%clk 0:00:06]} 36. a7 {[%clk 0:00:10]} Ra8
{[%clk 0:00:07]} 37. Nb5 {[%clk 0:00:09]} c6 {[%clk 0:00:08]} 38. Qd4
{[%clk 0:00:05]} cxb5 39. Qxg4 {[%clk 0:00:06]} bxc4 {[%clk 0:00:06]} 40. Qxc4
{[%clk 0:00:07]} Rxa7 {[%clk 0:00:06]} 41. Rxa7 {[%clk 0:00:05]} Qxa7
{[%clk 0:00:08]} 42. Qd5 {[%clk 0:00:05]} Qe7 {[%clk 0:00:09]} 43. Qd3
{[%clk 0:00:05]} Ne4 {[%clk 0:00:09]} 44. Qd4 {[%clk 0:00:05]} Nd6
{[%clk 0:00:10]} 45. Qc3 {[%clk 0:00:04]} Ne4 {[%clk 0:00:06]} 46. Qd4
{[%clk 0:00:05]} Nd6 {[%clk 0:00:07]} 47. Qc3 {[%clk 0:00:07]} Ne4
{[%clk 0:00:07]} 48. Qd4 {[%clk 0:00:08]} Nf6 {[%clk 0:00:08]} 49. g3
{[%clk 0:00:07]} Nd7 {[%clk 0:00:07]} 50. Bg2 {[%clk 0:00:07]} Ne5
{[%clk 0:00:08]} 51. h3 {[%clk 0:00:07]} Qf6 {[%clk 0:00:08]} 52. Kh2
{[%clk 0:00:06]} Kg7 {[%clk 0:00:09]} 53. Kg1 {[%clk 0:00:05]} h5
{[%clk 0:00:09]} 54. Kh2 {[%clk 0:00:04]} h4 {[%clk 0:00:08]} 55. gxh4
{[%clk 0:00:04]} gxh4 {[%clk 0:00:09]} 56. Qe4 {[%clk 0:00:05]} Qg5
{[%clk 0:00:08]} 57. Qf4 {[%clk 0:00:05]} Qxf4+ {[%clk 0:00:08]} 58. exf4 Nd3 59.
f5 {[%clk 0:00:05]} Kf6 {[%clk 0:00:08]} 60. Be4 {[%clk 0:00:06]} Nc5
{[%clk 0:00:09]} 61. Bc2 {[%clk 0:00:07]} Kg5 {[%clk 0:00:10]} 62. Kg2
{[%clk 0:00:08]} Kf4 {[%clk 0:00:11]} 63. Kf2 {[%clk 0:00:08]} f6
{[%clk 0:00:11]} 64. Bb1 {[%clk 0:00:08]} Nb7 {[%clk 0:00:12]} 65. Kg2
{[%clk 0:00:08]} Nd6 {[%clk 0:00:13]} 66. Ba2 {[%clk 0:00:07]} Nxf5
{[%clk 0:00:11]} 67. Be6 {[%clk 0:00:07]} Nd4 {[%clk 0:00:11]} 68. Bd7
{[%clk 0:00:08]} Ke3 {[%clk 0:00:11]} 69. Kg1 {[%clk 0:00:03]} f5
{[%clk 0:00:11]} 70. Kg2 {[%clk 0:00:04]} f4 {[%clk 0:00:12]} 71. Kg1
{[%clk 0:00:04]} Ne2+ 72. Kf1 f3 {[%clk 0:00:13]} 73. Bb5 {[%clk 0:00:06]} Ng3+
{[%clk 0:00:13]} 74. Kg1 {[%clk 0:00:07]} Ne4 {[%clk 0:00:11]} 75. Kf1
{[%clk 0:00:07]} Kf4 {[%clk 0:00:11]} 76. Kg1 {[%clk 0:00:08]} Kg3
{[%clk 0:00:12]} 77. Bf1 {[%clk 0:00:08]} Ng5 78. Kh1 Nxh3 {[%clk 0:00:08]} 79.
Bb5 {[%clk 0:00:04]} Nf2+ {[%clk 0:00:08]} 80. Kg1 {[%clk 0:00:06]} Ng4
{[%clk 0:00:09]} 81. Bf1 {[%clk 0:00:04]} 0-1

[Event "Russian Blitz Team Championship (w)"]
[Site "Sochi"]
[Date "2022.10.17"]
[Round "2.2"]
[White "Badelka, Olga"]
[Black "Chernyak, Viktoria"]
[Result "1/2-1/2"]
[BlackElo "2152"]
[WhiteElo "2316"]
[LiveChessVersion "1.4.8"]

1. d4 {[%clk 0:03:03]} Nf6 {[%clk 0:03:04]} 2. c4 {[%clk 0:03:05]} e6
{[%clk 0:03:05]} 3. Nc3 {[%clk 0:03:06]} Bb4 {[%clk 0:03:06]} 4. e3
{[%clk 0:03:08]} c5 {[%clk 0:03:04]} 5. Nge2 {[%clk 0:03:04]} cxd4
{[%clk 0:03:05]} 6. exd4 {[%clk 0:03:05]} O-O {[%clk 0:03:06]} 7. a3
{[%clk 0:03:03]} Be7 {[%clk 0:03:07]} 8. Nf4 {[%clk 0:02:45]} d6 {[%clk 0:03:07]}
9. Be2 {[%clk 0:02:39]} e5 {[%clk 0:03:06]} 10. dxe5 {[%clk 0:02:34]} dxe5
{[%clk 0:03:06]} 11. Nfd5 {[%clk 0:02:31]} Nxd5 {[%clk 0:02:43]} 12. Nxd5
{[%clk 0:02:33]} Nc6 {[%clk 0:02:43]} 13. O-O {[%clk 0:02:33]} Nd4
{[%clk 0:02:34]} 14. Be3 {[%clk 0:02:29]} Nxe2+ {[%clk 0:02:27]} 15. Qxe2
{[%clk 0:02:30]} Be6 {[%clk 0:01:54]} 16. Rfd1 {[%clk 0:02:30]} Bxd5
{[%clk 0:01:39]} 17. Rxd5 {[%clk 0:02:31]} Qc7 {[%clk 0:01:40]} 18. Rad1
{[%clk 0:02:32]} Rfd8 {[%clk 0:01:37]} 19. g3 {[%clk 0:02:03]} b6
{[%clk 0:01:26]} 20. Qg4 {[%clk 0:01:45]} Bf6 {[%clk 0:01:11]} 21. Rd7
{[%clk 0:01:21]} Rxd7 {[%clk 0:01:12]} 22. Rxd7 {[%clk 0:01:22]} Qc6
{[%clk 0:01:07]} 23. b3 {[%clk 0:01:00]} h5 {[%clk 0:01:00]} 24. Qd1
{[%clk 0:01:01]} h4 {[%clk 0:00:52]} 25. Qd5 {[%clk 0:00:56]} Qxd5
{[%clk 0:00:32]} 26. Rxd5 {[%clk 0:00:56]} hxg3 {[%clk 0:00:31]} 27. hxg3
{[%clk 0:00:57]} Rd8 {[%clk 0:00:30]} 28. Rxd8+ {[%clk 0:00:54]} Bxd8
{[%clk 0:00:31]} 29. c5 {[%clk 0:00:54]} bxc5 {[%clk 0:00:27]} 30. Bxc5
{[%clk 0:00:56]} a6 {[%clk 0:00:28]} 31. Kf1 {[%clk 0:00:41]} f5 {[%clk 0:00:29]}
32. Ke2 {[%clk 0:00:43]} Kf7 {[%clk 0:00:30]} 33. Kd3 {[%clk 0:00:44]} Ke6
{[%clk 0:00:32]} 34. Kc4 {[%clk 0:00:45]} g5 {[%clk 0:00:29]} 35. b4
{[%clk 0:00:45]} e4 {[%clk 0:00:28]} 36. a4 {[%clk 0:00:44]} f4 {[%clk 0:00:25]}
37. gxf4 {[%clk 0:00:37]} gxf4 {[%clk 0:00:26]} 38. b5 {[%clk 0:00:38]} axb5+
{[%clk 0:00:27]} 39. axb5 {[%clk 0:00:39]} e3 {[%clk 0:00:15]} 40. fxe3
{[%clk 0:00:40]} fxe3 {[%clk 0:00:16]} 41. Bxe3 {[%clk 0:00:41]} Kd7
{[%clk 0:00:17]} 42. Bf4 {[%clk 0:00:32]} Bb6 43. Kd5 Bf2 {[%clk 0:00:16]} 44.
Be5 {[%clk 0:00:34]} Bg1 {[%clk 0:00:13]} 45. Bd4 {[%clk 0:00:35]} Bxd4
{[%clk 0:00:09]} 46. Kxd4 {[%clk 0:00:37]} Kc7 {[%clk 0:00:10]} 47. Kc5
{[%clk 0:00:38]} Kb7 {[%clk 0:00:11]} 48. b6 {[%clk 0:00:40]} Kb8
{[%clk 0:00:13]} 49. Kb5 {[%clk 0:00:40]} Kb7 {[%clk 0:00:14]} 50. Ka5
{[%clk 0:00:41]} Kb8 {[%clk 0:00:15]} 51. Ka6 {[%clk 0:00:43]} Ka8
{[%clk 0:00:17]} 52. b7+ {[%clk 0:00:44]} Kb8 {[%clk 0:00:18]} 53. Kb6 1/2-1/2